| 000 | 00799nam a22002537a 4500 | ||
|---|---|---|---|
| 005 | 20220103141053.0 | ||
| 008 | 220103b ||||| |||| 00| 0 eng d | ||
| 020 | _a8170404576 | ||
| 040 | _cAL | ||
| 041 | _aeng | ||
| 082 |
_223 _a330.954 _bMUNP |
||
| 100 |
_aBhalchandra L Mungekar _912284 |
||
| 245 | _aPolitical Economy of Terms of Trade | ||
| 260 |
_aBombay: _bHimalaya Publishing House, _c1992. |
||
| 300 |
_ax,220 p. _bHB _c23x14 cm. |
||
| 365 |
_b140.00 _c₹ _d140.00 |
||
| 650 |
_aEconomics _912277 |
||
| 650 |
_aAgricultural Price Policy in India _912278 |
||
| 650 |
_aMethodology _912279 |
||
| 650 |
_aInter Sectoral Terms of Trade _912280 |
||
| 650 |
_aTerms of Trade and Real Agricultural Wages in India _912281 |
||
| 700 |
_aMUNGEKAR (Bhalchandra L) _912282 |
||
| 942 |
_2ddc _cGF |
||
| 999 |
_c221046 _d221046 |
||